| 000 | 00896nam a22002177a 4500 | ||
|---|---|---|---|
| 999 |
_c2384 _d2384 |
||
| 003 | AR-CdUCM | ||
| 008 | 190304b ||||| |||| 00| 0 spa d | ||
| 040 |
_aMUNICIPALIDAD PROVINCIAL DEL CUSCO _cBIBLIOTECA MUNICIPAL DEL CUSCO |
||
| 082 |
_a327.985 / _bP45 |
||
| 100 |
_aMinisterio de relaciones exteriores _98563 |
||
| 245 | _aPolítica exterior del gobierno revolucionario de la fuerza armada / | ||
| 260 |
_aLima : _bMinisterio de relaciones exteriores, _c1974. |
||
| 300 |
_a613 páginas ; _bfotografías. _c20 cm. |
||
| 440 |
_aMinisterio de relaciones exteriores del Perú _98564 |
||
| 505 | _aDiscursos de las naciones unidas -- Discursos O.E.A -- No alineamiento -- Grupo andino -- Discursos UNCTAD... | ||
| 650 |
_aPolítica militar. _98565 |
||
| 650 |
_aPolítica exterior. _94556 |
||
| 700 |
_aFlor Valle, Miguel Angel de la _98566 |
||
| 942 |
_2ddc _cLIBROS |
||
| 945 |
_awfj _d2019-03-04 |
||